An investigation of moral reasonig among Malawi adolescents using Kolhberg Henz Dilema: (Record no. 13721)
[ view plain ]
| 000 -LEADER | |
|---|---|
| fixed length control field | 00585nam a22001577a 4500 |
| 008 - FIXED-LENGTH DATA ELEMENTS--GENERAL INFORMATION | |
| fixed length control field | 180319b xxu||||| |||| 00| 0 eng d |
| 020 ## - INTERNATIONAL STANDARD BOOK NUMBER | |
| International Standard Book Number | 022491 |
| 100 ## - MAIN ENTRY--PERSONAL NAME | |
| Personal name | Kaufulu, Thandie C |
| 245 ## - TITLE STATEMENT | |
| Title | An investigation of moral reasonig among Malawi adolescents using Kolhberg Henz Dilema: |
| Remainder of title | The case study of secondary school adolescents in Zomba and Balaka |
| Statement of responsibility, etc. | by Thandie C. Kaufulu |
| 300 ## - PHYSICAL DESCRIPTION | |
| Extent | vii,33p.: |
| Other physical details | ill.; |
| Dimensions | 30cm |
| 440 ## - COURSE CODE | |
| Title | BAE |
| 500 ## - GENERAL NOTE | |
| General note | Includes bibliographical references and Appendices |
| 522 ## - GEOGRAPHIC COVERAGE NOTE | |
| Geographic coverage note | Zomba and Balaka |
| 650 ## - SUBJECT ADDED ENTRY--TOPICAL TERM | |
| Form subdivision | Dissertation |
| Geographic subdivision | Zomba |
| 942 ## - ADDED ENTRY ELEMENTS (KOHA) | |
| Source of classification or shelving scheme | Library of Congress Classification |
| Koha item type | Malawiana |
| Withdrawn status | Lost status | Source of classification or shelving scheme | Damaged status | Not for loan | Home library | Current library | Date acquired | Total Checkouts | Full call number | Barcode | Date last seen | Date last checked out | Copy number | Price effective from | Koha item type |
|---|---|---|---|---|---|---|---|---|---|---|---|---|---|---|---|
| Library of Congress Classification | Mzuzu University Library and Learning Resources Centre | Mzuzu University Library and Learning Resources Centre | 19/03/2018 | 6 | BAE/122 | MzULM-022491 | 21/12/2022 | 21/12/2022 | 022491 | 19/03/2018 | Malawiana |